Ventana a la mujer (Record no. 189236)

MARC details
000 -LEADER
campo de control de longitud fija 01128nam a2200289 i 4500
001 - NÚMERO DE CONTROL
campo de control 189236
003 - IDENTIFICADOR DE NÚMERO DE CONTROL
campo de control SpMaBN
005 - FECHA Y HORA DE LA ÚLTIMA TRANSACCIÓN
campo de control 20250904063111.0
008 - DATOS DE LONGITUD FIJA--INFORMACIÓN GENERAL
campo de control de longitud fija 190429s2003 sp c |||| |bspa d
020 ## - NÚMERO INTERNACIONAL ESTÁNDAR DEL LIBRO
Número Internacional Estándar del Libro 84-8407-331-9
080 ## - NÚMERO DE LA CLASIFICACIÓN DECIMAL UNIVERSAL
Número de la Clasificación Decimal Universal 929 Milleret de Brou, Marie Eugénie
080 ## - NÚMERO DE LA CLASIFICACIÓN DECIMAL UNIVERSAL
Número de la Clasificación Decimal Universal 271 Religiosas de la Asunción (091)
100 1# - ENTRADA PRINCIPAL--NOMBRE DE PERSONA
Nombre de persona López Pérez, Martina
9 (RLIN) 166922
245 10 - MENCIÓN DEL TÍTULO
Título Ventana a la mujer
Resto del título : María Eugenia Milleret, pionera de la promoción femenina /
Mención de responsabilidad, etc. Martina López, R.A.
260 ## - PUBLICACIÓN, DISTRIBUCIÓN, ETC.
Lugar de publicación, distribución, etc. Madrid :
Nombre del editor, distribuidor, etc. Edibesa,
Fecha de publicación, distribución, etc. 2003.
300 ## - DESCRIPCIÓN FÍSICA
Extensión 143, 15 p. :
Otras características físicas 1 retr. ;
Dimensiones 21 cm.
490 1# - MENCIÓN DE SERIE
Mención de serie Vida y misión ;
Designación de volumen o secuencia 90
504 ## - NOTA DE BIBLIOGRAFÍA, ETC.
Nota de bibliografía, etc. Bibliografía: p. 143.
597 ## - NOTA DE DESCRIPCIÓN FÍSICA
NOTA DE DESCRIPCIÓN FÍSICA Las 15 p. últimas son de publicidad ed. de Edibesa.
600 07 - PUNTO DE ACCESO ADICIONAL DE MATERIA--NOMBRE DE PERSONA
Nombre de persona María Eugenia de Jesús
Títulos y otros términos asociados al nombre Beata
-- 1817-1898.
9 (RLIN) 166923
610 27 - PUNTO DE ACCESO ADICIONAL DE MATERIA--NOMBRE DE ENTIDAD CORPORATIVA
Nombre de entidad corporativa o nombre de jurisdicción como elemento de entrada Religiosas de la Asunción.
9 (RLIN) 166924
700 0# - ENTRADA AGREGADA--NOMBRE PERSONAL
Nombre de persona María Eugenia de Jesús,
Títulos y otros términos asociados al nombre Beata
-- 1817-1898.
9 (RLIN) 166923
830 0# - PUNTO DE ACCESO ADICIONAL DE SERIE-TÍTULO UNIFORME
Título uniforme Vida y misión ;
Designación de volumen o secuencia 90
9 (RLIN) 225796
852 ## - LOCALIZACIÓN
Ubicación ES-MaACL
Número de control de estantería A-14525
itemnumber 196374
Sublocalización o colección R.152079
Ubicación en estantería Depósito 1
Signatura antigua Olim: N-7525
Donativo/Legado Donación: Editorial
942 ## - ELEMENTOS DE ENTRADA SECUNDARIOS (KOHA)
Fuente del sistema de clasificación o colocación Clasificación decimal universal
Tipo de ítem Koha Libro impreso
Holdings
Estatus retirado Estado de pérdida Fuente del sistema de clasificación o colocación Estado de daño No para préstamo Biblioteca de origen Biblioteca actual Ubicación en estantería Fecha de adquisición Fuente de adquisición Total de préstamos Signatura topográfica completa Código de barras Visto por última vez Precio de reemplazo Tipo de ítem Koha
    Clasificación decimal universal     Biblioteca del Ateneo de Madrid Biblioteca del Ateneo de Madrid Depósito 1 29/04/2019 Donación   A-14525 1200436 23/02/2023 23/02/2023 Libro impreso